• 首页
  • 本馆介绍
  • 公告通知
  • 最新文献
  • 馆藏检索
  • 电子资源
  • 读者导购
  • 参考咨询
  • 我的图书馆
  • 登录
  • 详细信息显示
  • 放入我的书架
  • 预约/预借图书
  • 作者相关作品
  • 分类相关作品
  • 丛书相关作品
  • 出版社相关作品

书目信息

  • 表格格式
  • 工作单格式
  • 卡片格式
题名:
社会心理学
    
 
作者: 章志光 主编 ;石秀印 编著
分册:  
出版信息: 北京   人民教育出版社  1996
页数: 627页
开本: 20cm
丛书名:
单 册:
中图分类: C912.6 , B84
科图分类:
主题词: 社会心理学 , 心理学
电子资源:
ISBN: 7-107-11320-8
000 00889nam0 2200301 450
001 1534995226
005 20150126094339.10
010    @a7-107-11320-8@dCNY16.90
100    @a20021005d1996 em y0chiy0110 ea
101 0  @achi
102    @aCN@b110000
105    @ay z 000yy
200 1  @a社会心理学@9she hui xin li xue@f章志光主编@g石秀印等编著
210    @a北京@c人民教育出版社@d1996
215    @a627页@d20cm
300    @a英文题名:Social psychology
300    @a人民教育出版社资助出版
314    @a章志光,北京师范大学心理学系教授
314    @a石秀印,中国社会科学院社会学所副研究员
510 1  @aSocial psychology@zeng
606 0  @a社会心理学
606 0  @a心理学
690    @aC912.6@v5
690    @aB84@v4
701  0 @a章志光@9zhang zhi guang@f(1927~)@4主编
702  0 @a石秀印@9shi xiu yin@f(1950~)@4编著
801  0 @aCN@bTSSF@c20150126
905    @aZUCC@dB84@eJY280
    
    社会心理学/章志光主编/石秀印等编著.-北京:人民教育出版社,1996
    627页;20cm
    英文题名:Social psychology.-人民教育出版社资助出版
    
    ISBN 7-107-11320-8:CNY16.90
    
●
相关链接 在E读中查询图书 在五车中查询图书 在当当中查询图书 在豆瓣中查询图书


正题名:社会心理学     索取号:B84/JY280         预约/预借

序号 登录号 条形码 馆藏地/架位号 状态 备注
1 7846204   278462049   学院路分馆/ [索取号:B84/JY280] 在馆    
唐山师范学院图书馆 欢迎您!
大连网信软件有限公司© 版权所有